La afasia y la polarización ideológica en torno al sistema nervioso central en la primera mitad del siglo XIX / (Record no. 36453)

MARC details
000 -LEADER
campo de control de longitud fija 01071nam a2200265 i 4500
001 - NÚMERO DE CONTROL
campo de control 36453
003 - IDENTIFICADOR DE NÚMERO DE CONTROL
campo de control ES-MaACL
005 - FECHA Y HORA DE LA ÚLTIMA TRANSACCIÓN
campo de control 20250806074224.0
007 - CAMPO FIJO DE DESCRIPCIÓN FÍSICA--INFORMACIÓN GENERAL
campo de control de longitud fija t|
008 - DATOS DE LONGITUD FIJA--INFORMACIÓN GENERAL
campo de control de longitud fija 030218s1983 sp ||||1| spa d
020 ## - NÚMERO INTERNACIONAL ESTÁNDAR DEL LIBRO
Número Internacional Estándar del Libro 84-600-2903-4
100 1# - ENTRADA PRINCIPAL--NOMBRE DE PERSONA
Nombre de persona Bujosa, Francesc.
9 (RLIN) 32485
245 13 - MENCIÓN DEL TÍTULO
Título La afasia y la polarización ideológica en torno al sistema nervioso central en la primera mitad del siglo XIX /
Mención de responsabilidad, etc. Francesc Bujosa.
260 ## - PUBLICACIÓN, DISTRIBUCIÓN, ETC.
Lugar de publicación, distribución, etc. Valencia :
Nombre del editor, distribuidor, etc. Universidad de Valencia, Cátedra de Historia de la Medicina,
Fecha de publicación, distribución, etc. 1983.
300 ## - DESCRIPCIÓN FÍSICA
Extensión 299 p. ;
Dimensiones 21 cm.
490 1# - MENCIÓN DE SERIE
Mención de serie Cuadernos valencianos de historia de la medicina y de la ciencia ;
Designación de volumen o secuencia 25
504 ## - NOTA DE BIBLIOGRAFÍA, ETC.
Nota de bibliografía, etc. Bibliografía: p. 275-291.
650 #4 - PUNTO DE ACCESO ADICIONAL DE MATERIA--TÉRMINO DE MATERIA
Término de materia o nombre geográfico como elemento de entrada Afasia.
9 (RLIN) 172501
650 #4 - PUNTO DE ACCESO ADICIONAL DE MATERIA--TÉRMINO DE MATERIA
Término de materia o nombre geográfico como elemento de entrada Cerebro-
Subdivisión general Enfermedades.
9 (RLIN) 152574
650 #4 - PUNTO DE ACCESO ADICIONAL DE MATERIA--TÉRMINO DE MATERIA
Término de materia o nombre geográfico como elemento de entrada Sistema nervioso central-
Subdivisión general Enfermedades.
9 (RLIN) 165408
710 2# - ENTRADA AGREGADA--NOMBRE DE ENTIDAD CORPORATIVA
Nombre de entidad corporativa o nombre de jurisdicción como elemento de entrada Universidad de Valencia.
Unidad subordinada Cátedra de Historia de la Medicina.
9 (RLIN) 7315
830 10 - PUNTO DE ACCESO ADICIONAL DE SERIE-TÍTULO UNIFORME
Título uniforme Cuadernos valencianos de historia de la medicina y de la ciencia
Designación de volumen o secuencia 25
9 (RLIN) 181644
852 ## - LOCALIZACIÓN
Ubicación ES-MaACL
Número de control de estantería L-4320
Holdings
Estatus retirado Estado de pérdida Estado de daño No para préstamo Biblioteca de origen Biblioteca actual Ubicación en estantería Fecha de adquisición Fuente de adquisición Total de préstamos Signatura topográfica completa Código de barras Visto por última vez Precio de reemplazo Tipo de ítem Koha
        Biblioteca del Ateneo de Madrid Biblioteca del Ateneo de Madrid Depósito 2 17/01/2008     L-4320 1038290 23/02/2023 23/02/2023 Libro impreso